000 00445nam a22001817a 4500
003 MPLRDC
005 20220104124417.0
008 210129b ||||| |||| 00| 0 eng d
020 _a7-80113-813-9
082 _a630 FLY
100 _a冯凌宇、史卫民
245 _a中国文化掠影
_c
250 _a一版一刷
260 _a中国
_b五洲传播出版社
_c2001
300 _b135
650 _a中国文化
942 _cBK
_o630 FLY
999 _c19103
_d19093